00434nam a2200109Ia 4500008004100000100002300041245012500064260002600189300001800215650001200233856007900245160712s9999 xx 000 0 und d aMagbitang, Riza A. cRiza A. Magbitang,aCadmium and lead determination by ICPMS: Method optimization and application in carabao milk samples c2012bScience Diliman avol. 24 no. 1 xSCIENCE uhttp://journals.upd.edu.ph/index.php/sciencediliman/issue/view/341/showToc